000 00237nam a2200097Ia 4500
008 220204s9999 xx 000 0 und d
082 _a065
_bMAN
245 0 _aManaging projects and programs
260 _bHarward College
_c1959
942 _cBK
999 _c37292
_d37292